000 00312nam a22001337a 4500
008 170524b xxu||||| |||| 00| 0 eng d
020 _a9788120330207
041 _aeng
080 _26 ED
_a62
100 _a26
101 _aIN
245 _aSOLID STATE ELECTRONIC DEVICES
_cSTREETMAN.B.G
942 _2udc
_cBK
999 _c14055
_d14055